Internet of things : Legal perspectives
Saved in:
| Main Author: | |
|---|---|
| Format: | Sách |
| Language: | Undetermined |
| Published: |
Springer
2010
|
| Subjects: | |
| Tags: |
Add Tag
No Tags, Be the first to tag this record!
|
| Institutions: | Trung tâm Thư viện - Trường Đại học Công nghiệp TP. Hồ Chí Minh |
|---|
| LEADER | 00494nam a2200157Ia 4500 | ||
|---|---|---|---|
| 001 | UIH_06452 | ||
| 008 | 231011s9999 xx 000 0 und d | ||
| 082 | |a 004.6 | ||
| 100 | |a Weber, Rolf H | ||
| 245 | 0 | |a Internet of things : Legal perspectives | |
| 245 | 0 | |c Weber, Rolf H | |
| 260 | |b Springer | ||
| 260 | |c 2010 | ||
| 650 | |a Internet; Electronic commerce; Internet; | ||
| 927 | |a Sách | ||
| 980 | |a Trung tâm Thư viện - Trường Đại học Công nghiệp TP. Hồ Chí Minh | ||